Un país posible: (Record no. 193483)

MARC details
000 -LEADER
campo de control de longitud fija 04248nam a2200457 i 4500
001 - NÚMERO DE CONTROL
campo de control 193483
003 - IDENTIFICADOR DE NÚMERO DE CONTROL
campo de control ES-MaACL
005 - FECHA Y HORA DE LA ÚLTIMA TRANSACCIÓN
campo de control 20250721063450.0
007 - CAMPO FIJO DE DESCRIPCIÓN FÍSICA--INFORMACIÓN GENERAL
campo de control de longitud fija ta
008 - DATOS DE LONGITUD FIJA--INFORMACIÓN GENERAL
campo de control de longitud fija 240102s2013 sp 000 0 spa d
017 ## - NÚMERO DE COPYRIGHT O DE DEPÓSITO LEGAL
Número de copyright o de depósito legal DL B 15175-2023
Agencia que asigna Biblioteca de Catalunya
020 ## - NÚMERO INTERNACIONAL ESTÁNDAR DEL LIBRO
Número Internacional Estándar del Libro 9788423436415
020 ## - NÚMERO INTERNACIONAL ESTÁNDAR DEL LIBRO
Número Internacional Estándar del Libro 8423436411
035 ## - NÚMERO DE CONTROL DEL SISTEMA
Número de control de sistema (OCoLC)1403387371
035 ## - NÚMERO DE CONTROL DEL SISTEMA
Número de control de sistema 991061050472606706
035 ## - NÚMERO DE CONTROL DEL SISTEMA
Número de control de sistema (OCoLC)on1403387371
040 ## - FUENTE DE CATALOGACIÓN
Centro catalogador/agencia de origen ES-BaURL
Lengua de catalogación cat
Normas de descripción rda
Centro/agencia transcriptor ES-BaURL
Centro/agencia modificador ES-MaACL
080 ## - NÚMERO DE LA CLASIFICACIÓN DECIMAL UNIVERSAL
Número de la Clasificación Decimal Universal 321.02(460)
080 ## - NÚMERO DE LA CLASIFICACIÓN DECIMAL UNIVERSAL
Número de la Clasificación Decimal Universal 32:33(460)
245 03 - MENCIÓN DEL TÍTULO
Título Un país posible:
Resto del título manual de reformas políticamente viables /
Mención de responsabilidad, etc. coordinado por Toni Roldán, Jorge Galindo, Lucas Gortazar y Teresa Raigada.
264 #1 - PRODUCCIÓN, PUBLICACIÓN, DISTRIBUCIÓN, FABRICACIÓN Y COPYRIGHT
Producción, publicación, distribución, fabricación y copyright Barcelona:
Nombre del de productor, editor, distribuidor, fabricante Ediciones Deusto,
Fecha de producción, publicación, distribución, fabricación o copyright [2023]
300 ## - DESCRIPCIÓN FÍSICA
Extensión 311 páginas :
Otras características físicas gráficos, tablas ;
Dimensiones 23 cm
336 ## - TIPO DE CONTENIDO
Término de tipo de contenido texto
Código de tipo de contenido txt
Fuente rdacontent
337 ## - TIPO DE MEDIO
Nombre/término del tipo de medio sin mediación
Código del tipo de medio n
Fuente rdamedia
338 ## - TIPO DE SOPORTE
Nombre/término del tipo de soporte vólumen
Código del tipo de soporte nc
Fuente rdacarrier
504 ## - NOTA DE BIBLIOGRAFÍA, ETC.
Nota de bibliografía, etc. Bibliografía: páginas 289-311
505 0# - NOTA DE CONTENIDO CON FORMATO
Nota de contenido con formato Introducción: Un país posible: razones y políticas. Parte I. Un marco público para desarrollar mejores políticas. 1. Avanzar hacia el diseño de políticas públicas a partir de la evidencia. 2. Una administración moderna basada en los datos. Parte II. Una arquitectura institucional para el crecimiento basado en el conocimiento. 3. Mejorar la educación evitando la confrontación. 4. Cómo incrementar la movilidad social fomentando el acceso a la educación superior: FP, becas y financiación universitaria. 5. Retener, recuperar y atraer talento investigador a las universidades españolas. 6. Formación y protección: medidas para aprovechar las transformaciones del futuro. 7. Cómo descarbonizar de manera eficaz y justa. Parte III. Una infraestructura de protección adaptada a los nuevos desafíos. 8. Reformas fiscales para reducir la desigualdad e impulsar un crecimiento inclusivo. 9. Retos futuros del mercado de trabajo en España. 10. ¿Qué más podemos hacer para reducir la brecha de género en el mercado laboral?. 11. Una propuesta para la reforma del sistema español de pensiones. 12. Propuestas para reducir la presión asistencial sobre la atención primaria. 13. Reformas sensatas para una vivienda accesible. Epílogo: Cómo ampliar el espacio político para las reformas. Navegando la polarización
520 3# - RESUMEN, ETC.
Sumario, etc. En "Un país posible", un plantel de prestigiosos politólogos, economistas y sociólogos ofrece un camino de reformas concretas, acotadas, realistas, basadas en la evidencia y políticamente viables, para cambiar esta trayectoria y contribuir a que España se convierta en un país líder en la nueva economía con un modelo justo y equilibrado. Para lograrlo, no es suficiente con implementar buenas reformas en el ámbito de la formación, la educación o la universidad, por supuesto recogidas en este libro. También es imprescindible transformar los mecanismos que obstaculizan la igualdad de oportunidades, que son muchos en España. Así, se abordan muchos de los principales desafíos actuales, como la adaptación del mercado laboral a la era de la automatización y al shock de la inteligencia artificial, las medidas para lograr una vivienda accesible, las políticas para reducir la brecha de género, la reforma del sistema español de pensiones, las propuestas para reducir la presión asistencial sobre la atención primaria, los programas de descarbonización justa o el replanteamiento de la fiscalidad para reducir la desigualdad e impulsar un crecimiento inclusivo, entre otros
651 #4 - PUNTO DE ACCESO ADICIONAL DE MATERIA--NOMBRE GEOGRÁFICO
Nombre geográfico España-
Subdivisión general Política económica-
Subdivisión cronológica 2011-
9 (RLIN) 156430
651 #4 - PUNTO DE ACCESO ADICIONAL DE MATERIA--NOMBRE GEOGRÁFICO
Nombre geográfico España-
Subdivisión general Política y gobierno-
Subdivisión cronológica S.XXI
9 (RLIN) 166701
700 1# - ENTRADA AGREGADA--NOMBRE PERSONAL
Nombre de persona Roldán, Antonio,
Fechas asociadas al nombre 1983-
Término indicativo de función/relación Coordinador
9 (RLIN) 234781
700 1# - ENTRADA AGREGADA--NOMBRE PERSONAL
Nombre de persona Galindo, Jorge
Término indicativo de función/relación Coordinador
9 (RLIN) 234782
700 1# - ENTRADA AGREGADA--NOMBRE PERSONAL
Nombre de persona Gortazar, Lucas
Término indicativo de función/relación Coordinador
9 (RLIN) 234783
700 1# - ENTRADA AGREGADA--NOMBRE PERSONAL
Nombre de persona Raigada, Teresa
Término indicativo de función/relación Coordinador
9 (RLIN) 234784
852 ## - LOCALIZACIÓN
Ubicación ES-MaACL
Sublocalización o colección R.154833
itemnumber 200962
Ubicación en estantería Depósito J
Número de control de estantería N-9662
Donativo/Legado Donación: Toni Roldán
Anotaciones manuscritas Dedicatoria autógrafa del autor
Encuadernación Encuadernación rústica con solapas
903 ## - NOMBRE PERSONAL DE DONANTE
9 234781
a Roldán, Antonio,
d 1983-
e Donante
942 ## - ELEMENTOS DE ENTRADA SECUNDARIOS (KOHA)
Suprimir en OPAC No
Tipo de ítem Koha Libro impreso
Holdings
Estatus retirado Estado de pérdida Fuente del sistema de clasificación o colocación Estado de daño No para préstamo Colección Biblioteca de origen Biblioteca actual Ubicación en estantería Fecha de adquisición Fuente de adquisición Total de préstamos Signatura topográfica completa Código de barras Visto por última vez Precio de reemplazo Tipo de ítem Koha Nota pública
    Clasificación decimal universal     Libros con dedicatorias Biblioteca del Ateneo de Madrid Biblioteca del Ateneo de Madrid Depósito J 15/11/2023 Donación   N-9662 101206242 02/01/2024 02/01/2024 Libro impreso Dedicatoria autógrafa del autor